Songs About Cars and Driving 🚘 - Statistics

General Stats
  • This quiz has been taken 93 times
  • The average score is 5 of 17
Answer Stats
Year Artist Song % Correct
1988 Tracy Chapman Fast Car
73%
1983 Prince Little Red Corvette
67%
1979 Gary Numan Cars
56%
1965 The Beatles Drive My Car
54%
2006 Snow Patrol Chasing Cars
51%
1978 John Travolta Greased Lightnin'
43%
1988 Billy Ocean Get Outta My Dreams, Get Into My Car
36%
1975 War Low Rider
25%
1991 Tom Cochrane Life is a Highway
24%
1984 Sammy Hagar I Can't Drive 55
23%
1975 Queen I'm in Love with My Car
19%
1996 The Wallflowers One Headlight
19%
2005 Chamillionaire Ridin'
17%
1964 The Beach Boys Fun, Fun, Fun
14%
1991 Primus Jerry Was a Race Car Driver
11%
1995 Dishwalla Counting Blue Cars
8%
1973 Tom Waits / Eagles Ol’ '55
5%
No matching quizzes found
Score Distribution
Percent of People with Each Score
Percentile by Number Answered
Your Score History
You have not taken this quiz